| 000 | 00643nam a22001937a 4500 | ||
|---|---|---|---|
| 999 |
_c164237 _d164237 |
||
| 005 | 20190514150748.0 | ||
| 010 | _aUR-10116 | ||
| 020 |
_c150.00 _a9789387829336 |
||
| 035 | _aU-8671 | ||
| 037 | _bDBAD/PUB | ||
| 082 | _a841 | ||
| 100 | _aتبسم فر ہا نہ | ||
| 245 |
_aحر و ف ز ر يں _cتبسم فر ہا نہ |
||
| 246 |
_bHuruf zarrin(Urdu) _aby Tabassum Farhana |
||
| 260 |
_a Delhi _bEducational Publishing House _c2018 ء |
||
| 270 |
_a3191،Vakil Street,Kucha Pandit,Lal Kuan, _bDelhi _e110006 _k23216162 _l00911123211540 |
||
| 300 |
_a160ص _c22 Cm.(bk) |
||
| 942 |
_2ddc _cUR _h841 _mت ب س |
||